000 00262nam a2200109Ia 4500
008 200302s9999 xx 000 0 und d
100 _aEdwin S. Mills
245 _aUrban Economics 2nd ed.
260 _bScott, Foresman and Co.
260 _c1980
300 _a241 P.,
999 _c5638
_d5638